00796nam a2200205 a 450000100100000000500170001000800410002704000250006808200200009310000390011324500420015226000760019430000200027065000280029065000310031891000380034904900090038795201770039699900170057300003293420240412074256.0090928t1939 dr 001 p spa d aDO-SdBNPbspacBNPHU aRD861.42bG993s1 aGuzmán Carretero, Octavio92382310aSolazo /cOctavio Guzmán Carretero. aSantiago de los Caballeros, República Dominicana :bEl Diario,c1939. a85 p. ;c18 cm. 0aPoesía dominicana966 0aLiteratura dominicana.967 aValidado. Control de calidad EMS. aBNPD 001050718RVaPDbPDcHDd2011-08-02iLF1l0oRD861.42 G993sp32934-10r2020-06-25w2020-06-25y1zPerteneció a la biblioteca personal de Martínez Boog.ZNo se presta c32425d32425